00429nam a2200145Ia 4500008004100000041000900041082002000050100001500070245002400085260004400109300000800153650000800161999001700169952009700186230718s9999 xx 000 0 und d aEng. a891.4391bPIL-9 apilo kolio 0a9/11 the new world  aPakistanbuniversity of fasilabadc2013 a384 aLaw c31709d31709 00104070aSIRC-LbSIRC-Ld2023-07-18l0o891.4391 PIL-9p26660r2023-07-18w2023-07-18yBK